| 000 | 00558nam a2200181Ia 4500 | ||
|---|---|---|---|
| 008 | 151018s9999 xx 000 0 und d | ||
| 082 |
_bRBASDV47877 _a550 |
||
| 100 | _aराकेश इंदूरखा | ||
| 245 | _aजल-मंडळ | ||
| 250 | _b1 | ||
| 260 |
_bराकेश साहित्य भांडार _c2008 |
||
| 300 | _a80 | ||
| 600 | _aराकेश इंदूरखा | ||
| 630 | _aजल-मंडळ | ||
| 700 | _aराकेश इंदूरखा | ||
| 730 | _aजल-मंडळ | ||
| 942 | _cBOOK | ||
| 999 |
_c1047007 _d1047004 |
||